Konfliktfeld Arzneimittelversorgung.

Bibliographic Details
Main Author: Wille, Eberhard.
Other Authors: Albring, Manfred.
Format: eBook
Language:German
Published: Frankfurt a.M. : Peter Lang GmbH, Internationaler Verlag der Wissenschaften, 2002.
Edition:1st ed.
Series:Allokation Im Marktwirtschaftlichen System Series
Subjects:
Online Access:Click to View
LEADER 03628nam a22004093i 4500
001 EBC30685995
003 MiAaPQ
005 20231204023231.0
006 m o d |
007 cr cnu||||||||
008 231204s2002 xx o ||||0 ger d
020 |a 9783631755815  |q (electronic bk.) 
020 |z 9783631502914 
035 |a (MiAaPQ)EBC30685995 
035 |a (Au-PeEL)EBL30685995 
035 |a (OCoLC)1399167996 
040 |a MiAaPQ  |b eng  |e rda  |e pn  |c MiAaPQ  |d MiAaPQ 
100 1 |a Wille, Eberhard. 
245 1 0 |a Konfliktfeld Arzneimittelversorgung. 
250 |a 1st ed. 
264 1 |a Frankfurt a.M. :  |b Peter Lang GmbH, Internationaler Verlag der Wissenschaften,  |c 2002. 
264 4 |c ©2002. 
300 |a 1 online resource (314 pages) 
336 |a text  |b txt  |2 rdacontent 
337 |a computer  |b c  |2 rdamedia 
338 |a online resource  |b cr  |2 rdacarrier 
490 1 |a Allokation Im Marktwirtschaftlichen System Series ;  |v v.46 
505 0 |a Cover -- Peter Schmidt: Vorwort -- Manfred Albring: Begrüßung -- Gerd Glaeske: Arzneimitteltherapie - das Geschäft mit der Krankheit? -- Themenkreis 1 -- Eberhard Wille: Steuerungsinstrumente der Arzneimittelausgaben -- Karl-Heinz Schönbach: Arzneimittelrichtgrößen versus Budgets -- Frank Münnich: Arzneimittelrichtgrößen versus Budgets -- Wolfgang Kaesbach: Festbeträge und Rationalisierungsreserven -- Ulrich Vorderwülbecke: Festbeträge und Rationalisierungsreserven -- Ulrich Schwabe: Einsparpotentiale durch die Positivliste -- Bernd Wegener: Einsparpotentiale durch die Positivliste -- Christopher Hermann: Innovationsfinanzierung durch strukturelle Änderungen der Arzneimittelausgaben -- Jürgen Bausch: Innovationsfinanzierung durch strukturelle Änderungen der Arzneimittelausgaben -- Wolfgang Brech: Rationierung durch Budgetierung -- Franz Knieps: Rationierung durch Budgetierung -- Themenkreis 2 -- Christian Dierks: Arzneimitteltherapie außerhalb der Regelversorgung -- Robert Francke: Rechtliche Grundlagen - GKV, PKV, AMG -- Peter Schwoerer: Die Rolle des MDK und der GKV bei (noch) nicht zugelassenen Indikationen -- Alexander P. F. Ehlers: Mögliche Regressforderungen -- Themenkreis 3 -- Helmut Laschet: Liberalisierung der Arzneimitteldistribution -- Gerhard Schulte: Beiträge von E-Commerce und Internethandel -- Peter Ditzel: Beiträge von E-Commerce und Internethandel -- Christian Koenig: E-Commerce mit Arzneimitteln im europäischen Binnenmarkt -- Thomas Kerckhoff: Erfahrungen mit Versandapotheken in den Niederlanden und der Schweiz -- Jens Apermann: Erfahrungen mit Versandapotheken in den Niederlanden und der Schweiz -- Frank Diener: Reformoptionen im deutschen Arzneimittelvertrieb und ihre Effekte -- Dieter Cassel: Reformoptionen im deutschen Arzneimittelvertrieb und ihre Effekte. 
505 8 |a Hans Jürgen Ahrens: Reformoptionen im deutschen Arzneimittelvertrieb und ihre Effekte. 
588 |a Description based on publisher supplied metadata and other sources. 
590 |a Electronic reproduction. Ann Arbor, Michigan : ProQuest Ebook Central, 2023. Available via World Wide Web. Access may be limited to ProQuest Ebook Central affiliated libraries.  
655 4 |a Electronic books. 
700 1 |a Albring, Manfred. 
776 0 8 |i Print version:  |a Wille, Eberhard  |t Konfliktfeld Arzneimittelversorgung  |d Frankfurt a.M. : Peter Lang GmbH, Internationaler Verlag der Wissenschaften,c2002  |z 9783631502914 
797 2 |a ProQuest (Firm) 
830 0 |a Allokation Im Marktwirtschaftlichen System Series 
856 4 0 |u https://ebookcentral.proquest.com/lib/matrademy/detail.action?docID=30685995  |z Click to View